Fadjar di Djerman. (Record no. 66937)

MARC details
000 -LEADER
fixed length control field 00612cam a22002171 4500
001 - CONTROL NUMBER
control field sa 65010773
003 - CONTROL NUMBER IDENTIFIER
control field DLC
005 - DATE AND TIME OF LATEST TRANSACTION
control field 20260227112211.0
008 - FIXED-LENGTH DATA ELEMENTS--GENERAL INFORMATION
fixed length control field 850827s1964 io ac 000 0 ind
010 ## - LIBRARY OF CONGRESS CONTROL NUMBER
LC control number sa 65010773
025 ## - OVERSEAS ACQUISITION NUMBER
Overseas acquisition number PL480:Indo-2415
035 ## - SYSTEM CONTROL NUMBER
System control number (OCoLC)23550117
040 ## - CATALOGING SOURCE
Original cataloging agency DLC
Transcribing agency MiU
Modifying agency DLC
042 ## - AUTHENTICATION CODE
Authentication code premarc
050 00 - LIBRARY OF CONGRESS CALL NUMBER
Classification number DD261
Item number .H28
100 1# - MAIN ENTRY--PERSONAL NAME
Personal name Harahap, A. A.
245 10 - TITLE STATEMENT
Title Fadjar di Djerman.
Remainder of title Laporan kisah kelahiran-kembali satu bangsa besar
Statement of responsibility, etc. [oleh] A. A. Harahap.
260 ## - PUBLICATION, DISTRIBUTION, ETC.
Place of publication, distribution, etc. Djakarta,
Name of publisher, distributor, etc. Riana,
Date of publication, distribution, etc. 1964.
300 ## - PHYSICAL DESCRIPTION
Extent 245 p.
Other physical details illus., ports.
Dimensions 22 cm.
651 #0 - SUBJECT ADDED ENTRY--GEOGRAPHIC NAME
Geographic name Germany (East)

No items available.

Powered by Koha